000 01015nam a22003017a 4500
003 CHAP
005 20220329134918.0
008 971013s1974 r 00010 d
010 _a27938
011 _a28910
035 _a33021
040 _cCHAP
082 _a301.24
_bK5Y
100 0 0 _aKlapper, Joseph T.
_963408
245 _aEfectos de las comunicaciones de masas ; poder y limitaciones de los medios modernos de difusión
260 _aMadrid :
_bAguilar,
_c1974
300 _a266 p.
490 _aBiblioteca de ciencias sociales. Sección sociología
590 _aBATCH-UPD
_b10
_c20130110
_lUCH01
_h1736
590 _aBATCH-UPD
_b10
_c20130410
_lUCH01
_h1116
590 _aBATCH-UPD
_b10
_c20130914
_lUCH01
_h0618
590 _aCONVERSION
_b10
_c20130109
_lUCH01
_h1316
650 1 4 _aComunicación de masas.
_926210
830 0 _aBiblioteca de ciencias sociales. Sección sociología
_912291
901 _aBK
942 _cLIBRO
949 _a301.24 K5Y
_bBC
_cLIBRO
_d33724000305009
_eLIBRO
_h34924
_i33021
_si
999 _c27938
_d27938